| 000 | 00985nam0a2200301 4500 | ||
|---|---|---|---|
| 001 | RU\NLR\BIBL_A\022070291 | ||
| 005 | 20231110143204.0 | ||
| 010 |
_a978-5-00202-222-9 _9250 |
||
| 021 |
_aRU _bКН-П-23-056471 _9КН-П-23-5680 |
||
| 035 | _a(NLR Aleph) 022070291 | ||
| 090 |
_a12657059 _c12657059 |
||
| 100 | _a20231110d2023 a y0rusy50 ca | ||
| 101 | 0 | _ainh | |
| 102 | _aRU | ||
| 105 | _aa z 000fy | ||
| 181 | 0 |
_ai _baxxe |
|
| 182 | 0 | _an | |
| 200 | 1 |
_aАьрзи я са доттагӀа _fЧахкиев Мухьмад |
|
| 203 |
_aТекст _bвизуальный _cнепосредственный |
||
| 210 |
_aБарнаул _cНовый формат _d2023 |
||
| 215 |
_a31 с. _cцв. ил. _d21 |
||
| 541 | 1 |
_aОрел мой друг _zrus |
|
| 686 | 1 | _aШ9(2)6=И-4 | |
| 700 | 1 |
_aЧахкиев _bМ. М. _gМагомед Мусаевич _4070 |
|
| 852 |
_aNLR _bОНЛ _jИнгуш./3-733 |
||
| 942 | _cBOOK | ||
| 980 | _aNB | ||